<?xml version="1.0" encoding="UTF-8"?>
<collection xmlns="http://www.loc.gov/MARC21/slim">
 <record>
  <leader>00517pamaa2200157   4500</leader>
  <controlfield tag="001">0000030599</controlfield>
  <controlfield tag="005">20060911090000.0</controlfield>
  <datafield tag="020" ind1="0" ind2="0">
   <subfield code="a">1842777378 (pbk.) </subfield>
  </datafield>
  <datafield tag="090" ind1="0" ind2="0">
   <subfield code="a">HV640.4.A35 </subfield>
   <subfield code="b">ALL 2006</subfield>
  </datafield>
  <datafield tag="100" ind1="1" ind2="0">
   <subfield code="a">ALLEN </subfield>
  </datafield>
  <datafield tag="245" ind1="1" ind2="0">
   <subfield code="a">Trial Justice : </subfield>
   <subfield code="b">the international criminal court and the lord's resistance army  </subfield>
   <subfield code="c">Tim Allen.</subfield>
  </datafield>
  <datafield tag="260" ind1="0" ind2="0">
   <subfield code="a">London: </subfield>
   <subfield code="b">Zed Books, </subfield>
   <subfield code="c">2006.</subfield>
  </datafield>
  <datafield tag="300" ind1=" " ind2=" ">
   <subfield code="a">xvi, 230p: </subfield>
   <subfield code="b">col.; </subfield>
   <subfield code="c">23cm.</subfield>
  </datafield>
  <datafield tag="500" ind1="0" ind2="0">
   <subfield code="a">Includes bibliographical references and index</subfield>
  </datafield>
  <datafield tag="650" ind1="0" ind2="0">
   <subfield code="a">Refugees -- </subfield>
   <subfield code="z">Africa </subfield>
  </datafield>
  <datafield tag="901" ind1=" " ind2=" ">
   <subfield code="u">http://www.zedbooks.co.uk</subfield>
  </datafield>
 </record>
</collection>
